Normal view MARC view

Entry Personal Name

Number of records used in: 1

001 - CONTROL NUMBER

  • control field: 8694

003 - CONTROL NUMBER IDENTIFIER

  • control field: OSt

005 - DATE AND TIME OF LATEST TRANSACTION

  • control field: 20160510184340.0

008 - FIXED-LENGTH DATA ELEMENTS

  • fixed length control field: 160510|| aca||aabn | a|a d

040 ## - CATALOGING SOURCE

  • Original cataloging agency: OSt
  • Transcribing agency: OSt

100 ## - HEADING--PERSONAL NAME

  • Personal name: eEdited by Sutherland,J.William.

670 ## - SOURCE DATA FOUND

  • Source citation: Work cat.: (OSt): eEdited by Sutherland,J.William., Ecological Census Techniques., 1996.